| 000 | 00722nam a2200229 i 4500 | ||
|---|---|---|---|
| 001 | 14887 | ||
| 003 | ES-MaACL | ||
| 005 | 20230906150927.0 | ||
| 007 | t| | ||
| 008 | 990630s1999 sp ||||1| spa d | ||
| 020 | _a84-95144-17-4 | ||
| 080 | _a821.134.2-224"19" | ||
| 100 | 1 |
_aMartínez Ballesteros, Antonio. _977882 |
|
| 245 | 1 | 0 |
_aFarsas de ayer y de hoy / _cAntonio Martínez Ballesteros, José Moreno Arenas. |
| 260 |
_aMadrid : _bJulia García Verdugo - La Avispa, _c1999. |
||
| 300 |
_a179 p. ; _c20 cm. |
||
| 490 | 1 |
_aEl aguijón de la avispa ; _v1 |
|
| 700 | 1 |
_aMoreno Arenas, José. _983327 |
|
| 830 | 0 |
_aEl aguijón de la avispa ; _v1 _9228543 |
|
| 852 |
_aES-MaACL _jL-22027 |
||
| 999 |
_c14887 _d14887 |
||